000 01229nam a22003493i 4500
001 EBC6517971
003 RU-10907106
005 20211006111927.0
007 cr cnu||||||||
008 210403s2013 xx o ||||0 ger d
020 _a9783846755129
_q(electronic bk.)
020 _z9783770555123
040 _cRU-10907106
_aRU-10907106
_bger
041 _ager
100 1 _aBöhme, Hartmut.
245 1 4 _aDas Orale :
_bDie Mundhöhle in Kulturgeschichte und Zahnmedizin.
264 1 _aBoston :
_bBRILL,
_c2013.
264 4 _c©2013.
300 _a1 online resource (348 pages)
336 _atext
_btxt
_2rdacontent
337 _acomputermedien
_bc
_2rdamedia
338 _aonline resource
_bcr
_2rdacarrier
500 _aE-Book-ProQuest / Fernzugriff nach Registrierung möglich
588 _aDescription based on publisher supplied metadata and other sources.
655 4 _aElectronic books.
655 _aFernzugriff
700 1 _aSlominski, Beate.
776 0 8 _iPrint version:
_aBöhme, Hartmut
_tDas Orale
_dBoston : BRILL,c2013
_z9783770555123
856 4 0 _uhttps://ebookcentral.proquest.com/lib/maxweberstiftung-ebooks/detail.action?docID=6517971
_zVolltext
942 _cEB
_2z
999 _c56288
_d56288